| 000 | 00657nam a22001697a 4500 | ||
|---|---|---|---|
| 999 |
_c10099 _d10099 |
||
| 008 | 180801b ||||| |||| 00| 0 eng d | ||
| 082 |
_22017 _aUT 0967 _bQ69 |
||
| 100 |
_929814 _aQuimada, Marissa |
||
| 245 |
_aEffects of mother tongue subject on grade IV spelling performance in english in new ilocos elementary school / _cMarissa Quimada, Hanjely Serapion, Laiza Soledad |
||
| 260 |
_aDigos City : _bUMDC _cNovember 2017 |
||
| 300 |
_a50 pages ; _b29 cm. |
||
| 650 | 0 |
_929816 _aEducation _vElementary _xUndergraduate thesis. |
|
| 700 |
_929817 _aQuimada, Marissa |
||
| 700 |
_929818 _aSerapion, Hanjely |
||
| 700 |
_929819 _aSoledad, Laiza |
||
| 942 |
_2ddc _cUT |
||